|
|
|
|
| LEADER |
00000nab a2200000uu 4500 |
| 001 |
vtls010913275 |
| 003 |
SK-MaSNL |
| 005 |
20260303150708.0 |
| 008 |
230222|1990 xo |||||||||||||||||cze| |
| 015 |
|
|
|a SNBRB
|
| 035 |
|
|
|a (urnnbn)urn:nbn:sk:snk:ar-a096ru
|
| 035 |
|
|
|a (uuid)b800242b-958d-4631-b1c7-f8814b5ba03c
|
| 035 |
|
|
|a urn:nbn:sk:snk-ab9226
|
| 040 |
|
|
|a SNKBUCL
|b slo
|c SNKBUCL
|e AACR2
|
| 041 |
0 |
|
|a cze
|
| 044 |
|
|
|a xo
|c SK
|
| 100 |
1 |
|
|a Kubáň, V.
|4 aut
|9 1148523
|
| 245 |
1 |
0 |
|a KAPALINOVÁ EXTRAKCE V PRŮTOKOVÉ INJEKČNÍ ANALÝZE
|c V. Kubáň
|
| 773 |
0 |
|
|t Rádioaktivita a životné prostredie
|g Roč. 13, č. 4 (1990), s. 145-149
|
| 958 |
|
|
|a OND
|
| 958 |
|
|
|a EUIPO
|
| 958 |
|
|
|a article10
|
| 999 |
|
|
|c 2012605
|d 2014535
|